000 01335nam a2200361 i 4500
003 EG-GICUC
005 20260121101508.0
008 251216s2000 ua ||||fr|||| 000 0 ara d
017 _a1999/17616
020 _a977-04-2830-2
040 _a EG-GICUC
_bara
_c EG-GICUC
_d EG-GICUC
_erda
041 _aara
082 0 4 _221
_a343.6
_bط ا . ج
092 0 4 _221
099 _aLaw1 10 343.6 ط ا . ج 2000
100 0 _aطارق سرور
_eمؤلف.
245 1 2 _aالجماعة الإجرامية المنظمة :
_bدراسة مقارنة /
_cدكتور طارق سرور.
264 1 _aالقاهرة :
_bدار النهضة العربية,
_c2000.
300 _a305 صفحة؛
_c24 سم
336 _2rda content
_atext
337 _2rda media
_aComputer
338 _2rda carrier
_aOnline Resource
504 _aببلويجرافيا صفحة 274-286.
546 _aالنص أغلبه باللغة العربية مع بعض النصوص الفرنسية
650 1 4 _aعلم الإجرام
_2qrmak
650 1 4 _aجرائم الضرر وجرائم الخطر
_2qrmak
650 1 4 _aالشروع في الجريمة
_2qrmak
650 1 4 _aالمسئولية الجنائية
651 1 _2qrmak
856 4 0 _uhttps://fll.law.cu.edu.eg/fulltext/bks/B10-07246.pdf
905 _a79
_eHassnaa
942 _2ddc
_cBK
_e21
_n0
999 _c50766
_d50766